Cómputo de votos y declaratorias de elección 2002. Provincia de Guanacaste: alcaldías, síndicos(as), concejales de distrito, intendentes y concejales minicipales de Distrito

שמור ב:
מידע ביבליוגרפי
פורמט: Texto
נושאים:
תגים: הוספת תג
אין תגיות, היה/י הראשונ/ה לתייג את הרשומה!

MARC

LEADER 00000 a a2200000 04500
001 42817
003
040
245 |a Cómputo de votos y declaratorias de elección 2002.  |b Provincia de Guanacaste: alcaldías, síndicos(as), concejales de distrito, intendentes y concejales minicipales de Distrito  
650 |a ELECCIONES  
650 |a VOTACION  
650 |a GOBIERNO LOCAL  
650 |a GUANACASTE  
773 |g volumen5, número1 (2002)  
999 |c 22532  |d 22532